Geography (hard edition) - Statistics

General Stats
  • This quiz has been taken 62 times
  • The average score is 18 of 25
Answer Stats
Question Answer % Correct
This island country flag features the George Cross, with red and white stripes Malta
97%
Chain of mountainous Danish islands north of Scotland, its capital is Torshavn Faroe islands
93%
Major stratovolcano in Sicily that last erupted in August 2024 Mt Etna
93%
Major city in Israel after Jerusalem, it is the countries economical and technological hub Tel Aviv
93%
Highest elevation lake in the world, over 12000 ft Lake Titicaca
90%
Formerly Ayers Rock, within the deep Australian outback Uluru
90%
Largest island in Canada Baffin
83%
The Formula One race takes place in this wealthy micro nation, winding directly through the downtown streets Monaco
83%
Mt Vesuvius erupted near what modern day major Italian city? Naples
83%
Westernmost city on mainland Africa Dakar
79%
Icelands most well known volcano, known for its major eruptions and landscape views Eyjafjallajökull
79%
Former name of Astana, the capital of Kazakhstan Nur-Sultan
79%
Mountainous Japanese city on Hokkaido, host of the 1972 Winter Olympics Sapporo
79%
Northernmost capital in Africa Tunis
79%
Well known resort island in French Polynesia, famous for scuba diving and clear beaches Bora Bora
76%
Capital of the Falkland islands Stanley
76%
Southern point of Argentina, capital is Ushuaia Tierra del Fuego
76%
Large bay off of Nova Scotia with the worlds highest recorded tides Bay of Fundy
72%
Northern Queensland city, considered the gateway to the Great Barrier Reef Cairns
62%
Historic Chinese city where thousands of terracotta warriors were uncovered Xi'an
62%
Tequila is made exclusively in this southern Mexican city Guadalajara
59%
This river forms much of the border between China and Siberian Russia Ussuri
59%
Coastal resort city in the Kimberly region of Western Australia Broome
34%
Major city in Co. Donegal, Ireland near the border with the UK Letterkenny
28%
This mountain pass between Pakistan and China is the highest elevation paved pass in the world at over 15000 ft Khunjerab Pass
24%
No matching quizzes found
Score Distribution
Percent of People with Each Score
Percentile by Number Answered
Your Score History
You have not taken this quiz